| 000 | 00911nam0a22002771 4500 | ||
|---|---|---|---|
| 001 | v19\rc\1805562 | ||
| 005 | 20071224112806.6 | ||
| 035 | _a(NLR Aleph) 004906633 | ||
| 090 |
_a5432875 _c5432875 |
||
| 100 | _a20071224d1906 |||y0rusy50 ca | ||
| 101 | 0 | _arus | |
| 102 | _aRU | ||
| 105 | _ay z ||||| | ||
| 200 | 1 |
_aКуда ведут люди, которые ходят с красным флагом _fСост. В.П. А-ский |
|
| 210 |
_aАккерман _cАккерман. мест. ком. Рос. о-ва Крас. креста _d1906 |
||
| 215 |
_a44 с. _d22 |
||
| 225 | 1 | _aК крестьянскому земельному вопросу | |
| 702 | 1 |
_aА-ский _bВ. П. _4220 |
|
| 801 | 0 |
_aRU _bNLR _gpsbo |
|
| 801 | 0 |
_aRU _bRuMoRGB _2psbo |
|
| 801 | 1 |
_aRU _bProSoft-M _2rusmarc |
|
| 852 |
_aNLR _j37.77.8.1054 |
||
| 899 |
_aRuMoRGB _jM 35/410 |
||
| 899 | _aБАН | ||
| 942 | _cBOOK | ||
| 980 | _aNB | ||